[Event "Rilton Cup 44th"]
[Site "Stockholm"]
[Date "2015.01.01"]
[Round "5"]
[White "Roiz, Michael"]
[Black "Ivanov, Sergey"]
[Result "1-0"]
[WhiteElo "2592"]
[BlackElo "2559"]
[Annotator "Roiz,M"]
[PlyCount "101"]
[EventDate "2014.12.27"]
[EventType "swiss"]
[EventRounds "9"]
[EventCountry "SWE"]
[SourceTitle "CBM 164"]
[Source "ChessBase"]
[SourceDate "2015.01.15"]
[SourceVersion "1"]
[SourceVersionDate "2015.01.15"]
[SourceQuality "1"]

1. Nf3 Nf6 2. c4 e6 3. Nc3 Bb4 4. Qc2 O-O 5. a3 Bxc3 6. Qxc3 b6 7. e3 Bb7 8.
Be2 c5 {Sergey Ivanov goes for a solid setup.} ({There was a principled way to
change the quiet character of position:} 8... Ne4 $5 9. Qc2 Ng5 10. h4 Nxf3+
11. gxf3 Qf6 (11... c5 12. b4 d5 13. bxc5 bxc5 14. cxd5 Qxd5 15. Bb2 Nd7 16.
Rg1 $36 {1/2-1/2 Izoria,Z (2533)-Naiditsch,A (2540)/Oropesa del Mar 2001/EXT
2002 (19)}) 12. Rh3 d6 (12... Nc6 13. d4 Ne7 14. Bd2 Qf5 15. Qxf5 Nxf5 16. Bd3
Ne7 17. b4 $14 {1/2-1/2 Marovic,D (2475)-Barle,J (2450)/Maribor 1977/EXT 2004 
(41)}) 13. d4 e5 14. dxe5 dxe5 15. Bd2 Nd7 16. O-O-O Rad8 $132) 9. b4 d6 10.
Bb2 Nbd7 {A somewhat passive, but extremely solid way of development.} ({
Instead, Black has also tried to put the knight on c6, but it doesn't seem to
solve all the problems:} 10... e5 11. O-O Re8 12. d3 Nc6 13. b5 Ne7 14. a4 a5
15. Nh4 (15. Rae1 Ng6 16. Nd2 Qd7 $11 {0-1 Olsen,H (2325)-Sammalvuo,T (2441)/
Vammala 2005/CBM 108 ext (49)}) 15... Ng6 16. Nxg6 hxg6 17. f4 $14) (10... Nc6
11. O-O Re8 12. d4 cxd4 13. Nxd4 Nxd4 14. Qxd4 d5 15. cxd5 Qxd5 16. Qxd5 Nxd5
17. Rac1 Rac8 18. Rfd1 $14 {1-0 Gurevich,M (2633)-Sandipan,C (2522)/Gibraltar
2006/CBM 110 ext/[Gurevich,M] (65)}) 11. O-O {White has some edge due to the
bishop pair s, but Black's position has no weaknesses.} Rc8 {This waiting move
looks logical - White's queen doesn't feel comfortably now.} (11... Re8 12. d4
Ne4 13. Qb3 Rb8 14. Rad1 Qc7 15. Nd2 $14 {1-0 Kramnik,V (2777)-Zhang Zhong 
(2639)/Wijk aan Zee 2004/CBM 099/[Hecht] (78)}) (11... e5 12. d4 Re8 13. dxc5
dxc5 14. Nd2 Qc7 15. f3 h5 16. Rfd1 h4 17. h3 Rac8 18. b5 $14 {1/2-1/2
Ushenina,A (2389)-Korobov,A (2554)/Rivne 2005/CBM 109 (45)}) 12. d4 Qe7 {
The most popular move. Black is just connecting the rooks and waiting for
White's next action.} (12... Ne4 13. Qd3 Qf6 (13... d5 14. dxc5 bxc5 15. cxd5
Bxd5 16. Rac1 Qe7 17. Qb5 cxb4 18. axb4 f6 19. Qa5 $14 {0-1 Gurevich,M (2634)
-Kravtsiv,M (2549)/Beijing 2008/CBM 126 Extra (36)}) 14. Nd2 Qg6 15. f3 Nxd2
16. Qxd2 $14 {1-0 Kramnik,V (2753)-Kogan,A (2592)/Port Barcares 2005/CBM 107 
(49)}) (12... d5 13. dxc5 bxc5 14. b5 Nb6 15. a4 Nxc4 16. Bxc4 dxc4 17. Rfd1
Qc7 18. Nd2 $14 {0-1 Gordievsky,D (2406)-Romanov,E (2628)/Moscow 2012/CBM 146
Extra (40)}) 13. Rfd1 Ne4 {A logical reaction to White's last move - the Pf2
becomes a target, since the Rf1 isn't protecting it.} (13... cxd4 14. Qxd4 d5
15. cxd5 Bxd5 16. Rac1 $14 {1-0 Komljenovic,D (2472)-Vaillant,S (2101)/Metz
2001/CBM 081 ext (34)}) (13... Rfe8 14. Nd2 e5 15. dxc5 dxc5 16. b5 Nf8 17. a4
Ng6 18. f3 $14 {1-0 Shchekachev,A (2546)-Jolly,J (2411)/Belfort 2010/CBM 137
Extra (43)}) 14. Qe1 $5 {This natural move is a novelty. I wanted to keep my
queen behind the pieces in order to avoid a loss of tempi in future.} (14. Qc2
{would lead to a complex position after:} cxd4 15. exd4 (15. Nxd4 d5 $11) 15...
f5 16. Re1 Ndf6 17. h3 Qf7 $132) (14. Qb3 {has been played before, but it
looks like Black has decent counterplay on the kingside. For instance,} f5 15.
dxc5 bxc5 16. Ne1 Qh4 17. Nd3 Qh6 $132) 14... Ndf6 $6 {Sergey is trying to put
more pressure on my kingside, but White is just in time to parry all the
threats.} ({Now} 14... f5 $6 {would only expose the long diagonal:} 15. dxc5
bxc5 16. Nd2 Nb6 17. Rac1 $14) ({But} 14... Rfd8 {deserves serious attention:}
15. Nd2 Qg5 16. d5 Nxd2 17. Qxd2 Nf6 $132) 15. dxc5 bxc5 (15... dxc5 16. Ne5
$14) 16. h3 {For some reason I rejected my initial idea.} ({Much more to the
point would be} 16. Nd2 Nxd2 17. Qxd2 Ne4 18. Qe1 {intending to push the
knight away by means of f2-f3. The tactic works well for White here:} Qg5 19.
Bf1 $14 cxb4 $2 20. axb4 Rxc4 21. h4 $1 $18) (16. Nh4 $5) 16... Rfd8 (16... d5
17. Ne5 dxc4 18. Nxc4 Bd5 19. Rac1 $14) 17. b5 {A double-edged move. White's
passers look nice, but now Black gets more counter-chances, since his centre
is not under pressure.} (17. Rac1 $5) 17... d5 18. a4 $6 {A serious inaccuracy
- the Nf3 remains quite passive now.} ({The correct way was} 18. Ne5 Ne8 19.
cxd5 exd5 20. Rac1 N8d6 21. a4 $14 {with some edge.}) 18... dxc4 $1 {
Immediately exploiting the above-mentioned factor.} 19. Bxc4 ({Nor does} 19.
Ne5 {give anything special:} c3 20. Bxc3 Nxc3 21. Qxc3 Ne4 $11) 19... Nd5 $1 {
GM Ivanov is playing very precisely at this stage of the game. White's
advantage is gone.} (19... Nd6 20. Be2 c4 21. Rac1 $14) 20. Ne5 {Provoking
Black's next weakening move. On the other hand, the value of wasting a tempo
cannot be overestimated.} ({In the event of} 20. a5 {Black would have a good
choice} {and} Nb4 ({between} 20... Nd6 21. Be2 Nb4 (21... c4 22. a6 Ba8 23.
Rac1 $14) 22. Qc3 f6 $132) 21. Qe2 $11) 20... f6 21. Nf3 {I decided to keep
the tension.} ({A safer way for equality was} 21. Nc6 Bxc6 22. bxc6 Rxc6 23. f3
Nd6 (23... Ng5 24. e4 Nf4 25. Rxd8+ Qxd8 26. Qe3 $44) 24. Bxd5 exd5 25. Rxd5
Nc4 26. Rxd8+ Qxd8 27. Qc3 $11) 21... Nd6 {Both players were experiencing some
time problems. This move came as a surprise,} ({while I was mainly expecting} 
21... Nb4 $5 22. Rac1 Rxd1 23. Rxd1 Nd6 24. Be2 Bd5 $11) 22. Be2 Nb4 23. Rac1
Be4 {The activity of Black's minor pieces forces me to play accurately now.} (
23... Bd5 24. Nd2 Na2 25. Ra1 Nb4 $11) 24. a5 {This move is a bit risky - the
Pb5 is very vulnerable now. However, I had a feeling, that White shouldn't be
worse yet.} (24. Rd2 Bd5 (24... c4 25. Ba3 Nd3 26. Bxd3 cxd3 27. Nd4 $14) 25.
Ba3 Ne4 26. Rb2 Na2 27. Rcc2 Nb4 $11) (24. Ba3 Nc2 25. Qc3 Nxa3 26. Qxa3 Bd5
$11) 24... Bc2 (24... Qe8 25. Qf1 Qe7 $11) 25. Rd2 Bb3 $2 $138 {A strange
decision - Now White's pawns are not in any danger, so I get an important
tempo for regrouping.} ({Instead,} 25... Ba4 {would lead to equality:} 26. b6 (
26. Qf1 Qe8 27. Ra1 Bb3 28. Ba3 Nc2 29. Rb1 Ba4 30. Qc1 Nxa3 31. Qxa3 Bxb5 32.
Bxb5 Nxb5 33. Rxd8 Nxa3 34. Rxe8+ Rxe8 35. Rb7 $11) 26... axb6 27. axb6 Qb7 28.
Ba3 Qxb6 29. Rb2 Rb8 30. Nd4 Bd7 31. Nb3 $11) 26. Ba3 {Suddenly Black finds
himself in a difficult situation - there is no way to avoid a loss of material.
} Ne4 (26... Bd5 27. Rb2 Ne4 28. Bf1 $16) 27. Rxd8+ Qxd8 {The best chance -
Black needs to keep the queens on the board in order to get some counterplay.}
({He would have nothing to hope for after} 27... Rxd8 28. Nd4 (28. Bxb4 cxb4
29. Rb1 Bd5 30. Qxb4 Qxb4 31. Rxb4 Rc8 $16) 28... cxd4 (28... Bd5 29. f3 Ng5
30. h4 Nf7 31. Qc3 cxd4 32. Qxb4 Qxb4 33. Bxb4 dxe3 34. Rc7 $18) 29. Bxb4 Qd7
30. exd4 Qxd4 31. Bf3 f5 (31... Nxf2 32. Bc5 Nxh3+ 33. Kh2 $18) 32. Rc7 $18)
28. Bxb4 cxb4 29. Rxc8 Qxc8 30. Qxb4 Qc1+ 31. Qe1 $1 {The most accurate.} ({
Black would obtain more drawing chances after} 31. Bf1 Qc2 32. Qe1 e5 $16) (31.
Kh2 Qc7+ (31... Bd5 32. Qe7 h6 33. Qxa7 Nxf2 34. Ng1 $1 $18) 32. g3 Bd5 33. b6
axb6 34. axb6 Qc5 $16) 31... Qb2 (31... Qxe1+ 32. Nxe1 Nc3 33. Bd3 Bd5 34. e4
$1 Ba8 (34... Nxe4 35. Bxe4 Bxe4 36. b6 axb6 37. axb6 Kf7 38. Nd3 $18) 35. f3
Kf7 36. Kf2 Ke7 37. Ke3 Kd6 38. Kd4 {looks lost from the technical point of
view.}) 32. Nd4 Bd5 33. Bf3 $1 {Though under time pressure, I managed to
calculate a nice winning line.} (33. Bd3 Nc5 34. Bf1 $16) 33... e5 (33... Nd6
34. Bxd5 exd5 35. Qd1 Nxb5 36. Nc6 Nc3 37. Qg4 Ne2+ 38. Kh2 h6 39. Ne7+ Kf8 40.
Nf5 $18) 34. Nc6 ({Much simpler was} 34. Nf5 $1 Qxb5 35. Qd1 $18 {winning a
piece:} Nc3 36. Bxd5+ Qxd5 37. Ne7+ Kf7 38. Qxd5+ Nxd5 39. Nxd5) 34... Qxb5 35.
Ne7+ Kf7 36. Nxd5 Qxd5 37. Qb4 f5 38. a6 {Luckily, the subsequent endgame is
still winning, though it requires some technical work .} Kf6 39. Qb7 Qc5 40.
Bxe4 fxe4 41. Qxe4 {Black has weaknesses on both sides of the board.} g6 (41...
h6 42. h4 Qc1+ 43. Kh2 Qc5 44. g4 Kf7 45. Kg3 Kf8 46. g5 $18) 42. g4 (42. h4 {
was also good enough:} Ke6 43. Kh2 Qc7 44. Kg3 Kd6 45. f4 $18) 42... h5 {
A desperate attempt to get a rid of a weak pawn.} (42... h6 43. Qf3+ Ke6 44.
Qb7 Kf6 45. Kg2 $18) 43. gxh5 gxh5 44. Qh7 Kg5 45. h4+ $1 {A nice final touch.
Black is losing a second pawn.} Kf6 (45... Kxh4 46. Qg6 Qc1+ 47. Kg2 $18) (
45... Kg4 46. Qe4+ Kh3 47. Qf3+ Kxh4 48. Qg3#) 46. Qxh5 Qc1+ 47. Kg2 Qc4 48. e4
{The rest is easy - there is no counterplay.} (48. Qg5+ Kf7 49. Qf5+ Kg8 50.
Qg6+ Kh8 51. h5 $18) 48... Qd4 49. Qg4 Ke7 50. h5 Qd2 51. Qg6 {Unluckily for
Sergey, this game may be called ''a tragedy of one mistake''.} 1-0

[Event "Benasque"]
[Site "Benasque"]
[Date "1995.??.??"]
[Round "3"]
[White "Garcia Ilundain, David"]
[Black "Psakhis, Lev"]
[Result "1-0"]
[WhiteElo "2510"]
[BlackElo "2610"]
[Annotator "Romero Holmes"]
[PlyCount "157"]
[EventDate "1995.07.??"]
[EventType "tourn"]
[EventRounds "9"]
[EventCountry "ESP"]
[EventCategory "13"]
[SourceTitle "CBM 050"]
[Source "ChessBase"]
[SourceDate "1996.02.01"]
[SourceVersion "1"]
[SourceVersionDate "1996.02.01"]
[SourceQuality "1"]

1. Nf3 {Ribli} Nf6 2. c4 e6 3. Nc3 Bb4 4. Qb3 c5 (4... a5 $5 {Ribli} 5. a3 Bxc3
6. Qxc3 a4 7. d3 d6 8. c5 O-O 9. Bg5 Nbd7 10. cxd6 cxd6 11. Rc1 h6 $10 {
Nesterov,J-Kiselev,S/Moscow5/1995/CBM49/}) 5. g3 (5. a3 {Ribli} Ba5 6. g3 O-O
7. Bg2 d5 8. O-O Nc6 9. d3 Bxc3 10. Qxc3 d4 11. Qc2 e5 12. Bg5 h6 13. Bxf6 Qxf6
14. b4 e4 $132 {Psakhis,L-Schneider,A/Tilburg/1994/CBM44/}) 5... O-O 6. Bg2 Nc6
7. O-O Na5 $2 {The black pieces will not coordinate well after this ambitious
move Eine fragwuerdige Neuerung.} (7... d5 {Ribli} 8. d3 Bxc3 (8... h6 9. e3
Re8 10. a3 dxc4 11. dxc4 Bxc3 12. Qxc3 e5 13. b4 $14 {Kasparov,G-Anand,V/
PCA-Wch/1995/CBM49/}) 9. Qxc3 d4 10. Qa3 Qb6 11. Bf4 Re8 12. Ne5 Nh5 13. Bxc6
$1 bxc6 14. Bd2 a5 15. Qa4 Ra6 16. Qd1 f6 17. e4 $1 g6 18. Ng4 e5 19. Rb1 Ra7
20. f4 $36 {Ehlvest,J-Kortschnoj,V/Horgen (10)/1995/CBM50/}) 8. Qc2 Nxc4 {
Wie gewinnt Weiss den Bauern zurueck?} 9. Na4 $1 d5 (9... b5 10. a3 (10. a3 {
Ribli} Ba5 (10... bxa4 11. axb4 $16) 11. Nxc5 $14)) 10. a3 Ba5 11. d3 Nb6 (
11... Nd6 {Ribli} 12. Nxc5 $14) 12. Nxc5 {What is doing the bishop on a5? With
the bishop on e7 the position is equal Der Anziehende erobert den Bauern mit
Raumvorteil zurueck.} Nbd7 13. b4 Nxc5 (13... Bc7 $1 14. Bb2 b6 15. Nxd7 Bxd7
16. Ne5 (16. e4 Rc8) (16. Bxf6 gxf6 17. e4 Rc8 18. Qb3 Bc6 19. Nd4 Ba8 20. exd5
Be5) (16. Rfc1 {Ribli} Rc8 17. Qb3 $14) 16... Rc8 17. Nxd7 Qxd7 {White is
slidghtly better, but black center puts the tecnical task very diffic ult}) 14.
bxa5 {Ribli: Weiss steht wegen seines Laeuferpaars besser, weil die
Doppelbauern in dieser Stellung auf der a-Linie nicht schwach sind.} b6 (14...
Qxa5 15. Bd2 Qc7 (15... Qb6 16. Be3 Nfd7 17. Rfc1 $18) 16. Rac1 (16. Rfc1 {
Ribli} b6 17. d4 $18)) 15. Be3 $16 Nfd7 16. a4 {Droht /\ ab6 und a5.} Ba6 {
This move means that something wrong is going in black position, but is justif
ied because in some moment, with the center advance, may play a rule.} 17. axb6
Qxb6 (17... axb6 {Ribli} 18. a5 $36) 18. Rfb1 Qd6 19. Qc3 $5 {xe5,/\Qa5} Rfc8
20. Bf4 Qf8 21. Qa5 {An unpleasant manouver that forces the exchanges of
queens Droht /\ d4.} Qd8 22. Qxd8+ Rxd8 23. Rb4 {Weiss kann jetzt in alle Ruhe
seine Stellung verstaerken, ohne dass der Nachziehende ueber Gegenspiel
verfuegt.} Rdc8 24. h4 $1 {Giving air for the "bad" bishop} h6 25. Bh3 Kf8 26.
Bd6+ {Unnoetige Tempoverlust.} (26. Rab1 $1) 26... Ke8 27. Bf4 Ke7 28. Rab1 Rc6
{Black has no useful moves} 29. Nd4 Rb6 30. a5 Rxb4 31. Nc6+ {Eine wichtiger
Zwischenzug.} Kf6 32. Nxb4 {Ribli: In dieser Partie droht schon zweitemal /\
d4 mit Figurgewinn.} Bb7 33. d4 Ne4 (33... Na6 34. Nd3 $14) 34. Rc1 {With this
series of moves white controls the c column} g5 (34... Rc8 $2 {Ribli} 35. Rxc8
Bxc8 36. Nc6 a6 $2 37. Be5+ $1 Nxe5 38. dxe5+ Kg6 39. Ne7+ $18) 35. hxg5+ hxg5
36. Be3 Rc8 {Ribli: Schwarz glaubte, dass das Problem der Bedrohung auf der
c-Linie geloest hat a- ber er hat sich geirrt.} (36... Rb8 {Ribli} 37. Rc7 $14)
37. Nxd5+ $1 {A nice combination Eine sehr unangenehme Ueberraschung.} exd5 38.
Bxd7 Rxc1+ 39. Bxc1 Nc3 40. Bg4 Ba6 41. Kf1 {Weiss hat einen Bauern mehr, den
er in der Folge zum Sieg verwertet.} (41. e3 Ne2+) 41... Kg6 42. Bf3 f5 43. g4
Bc4 44. Ba3 a6 45. Ke1 Ne4 46. gxf5+ Kxf5 47. Bh5 Nf6 48. Bf3 Ne4 49. Bb4 g4
50. Bg2 Kf4 51. Bf8 {Weiss koennte sofort mit 51.Bd2! fortsetzen.} Nc3 52. Bf1
Ne4 53. Be7 Kf5 54. Bb4 Kg5 55. Bg2 Kf4 56. Bd2+ Kf5 (56... Nxd2 {Ribli} 57.
Kxd2 g3 58. Ke1 $18) 57. f3 {The winning method} Ng3 58. Kf2 Nh5 (58... Nxe2
59. fxg4+ $1 Kg6 (59... Kxg4 {Ribli} 60. Bf3+ $18) 60. Ke3 $18) 59. e4+ Ke6 (
59... dxe4 60. fxe4+ Ke6 61. Bg5 $18) 60. fxg4 Nf6 61. e5 Nxg4+ 62. Kf3 (62.
Kg3 $5 {Ribli} Be2 63. Bh3 Kf5 64. e6 $18) 62... Nxe5+ {Desperate} (62... Nh2+
{Ribli} 63. Kf4 Bf1 64. Bxf1 Nxf1 65. Bc1 $1 Nh2 66. Kg3 Nf1+ 67. Kg2 $18) 63.
dxe5 Kxe5 {Ribli: Schwarz will noch den weissfeldrigen Laeufer tauschen und
dann soll er noch seinen Koenig nach a8 bringen und die Partie wird remis.
"Aber das Leben ist kein Wunschkonzert" sagte oft Grossmeister Bischoff.} 64.
Bh6 d4 65. Kf2 Kf6 66. Ke1 Kg6 67. Bf4 Kf5 68. Bg3 Bb5 69. Kd2 Bc4 70. Bd6 Bb5
71. Bf8 Kf6 72. Bh3 Bc4 73. Kc2 Ke5 74. Bg2 Kf6 75. Kb2 Bb5 76. Kb3 d3 77. Kb4
Ke5 78. Bh6 Kd4 79. Bb7 1-0

[Event "Bundesliga 9899"]
[Site "Germany"]
[Date "1999.02.20"]
[Round "10.1"]
[White "Ftacnik, Lubomir"]
[Black "Rozentalis, Eduardas"]
[Result "1/2-1/2"]
[WhiteElo "2585"]
[BlackElo "2577"]
[Annotator "Rozentalis,E"]
[PlyCount "74"]
[EventDate "1998.10.17"]
[EventType "team-tourn"]
[EventRounds "15"]
[EventCountry "GER"]
[SourceTitle "GER-chT"]
[Source "ChessBase"]
[SourceDate "1999.07.01"]
[SourceVersion "1"]
[SourceVersionDate "1999.07.01"]
[SourceQuality "1"]
[WhiteTeam "Hamburger SK"]
[BlackTeam "Castrop Rauxel"]
[WhiteTeamCountry "GER"]
[BlackTeamCountry "GER"]

1. Nf3 Nf6 2. c4 e6 3. Nc3 Bb4 4. g3 b6 5. Bg2 Bb7 6. O-O O-O 7. Qc2 d5 8. d3
Bxc3 9. Qxc3 c5 10. a3 d4 11. Qc2 a5 $1 $146 ({normally black played} 11...
Nbd7 {, which lets white comfortable} 12. b4) 12. e3 dxe3 13. fxe3 a4 {
otherwise white would play 13.b3 and 14.Bb2.} 14. Bd2 Nbd7 15. Bc3 Qc7 16. Rad1
h6 (16... e5 $6 17. Nh4 $1) 17. Qe2 Rad8 (17... Bc6 {having in mind b6-b5.})
18. Rfe1 Rfe8 19. e4 Nh7 20. Qc2 $1 {xa4} Ra8 $8 (20... Bc6 $2 21. d4 cxd4 22.
Nxd4 $16) 21. e5 Nhf8 22. Qf2 Rad8 $1 (22... Ng6 23. d4 $1 cxd4 24. Nxd4 Bxg2
25. Nb5 $3) 23. g4 {white starts king side attack, as he controls all the
important squares in the centre.} Ng6 24. Qg3 Ndf8 25. h4 Rd7 26. Kh2 Red8 27.
Re3 Nh7 28. Bh3 Rd4 $3 {All black pieces are well placed, but white is ready
to push its king side pawns. So it's right moment for counterplay measures.
Black sacrifices an exchange for the controlover black squares.} 29. Bxd4 (29.
h5 Bxf3 30. hxg6 Bxd1 31. gxh7+ Kxh7) ({interesting was also the paradoxal} 29.
Nd2 {though, after} Qe7 30. Bxd4 cxd4 31. Re2 Nxh4 {black has good
compensation.}) 29... cxd4 30. Re2 Bxf3 31. Qxf3 Nxh4 $1 (31... Nxe5 $2 32. Qg3
$16) 32. Qg3 Ng5 33. Rf1 Ng6 34. Bg2 Nf8 {the knight is going to c5. If it
manages, then black will have full control of black squares and better chances.
So white has to resist this maneuvre.} 35. Rf4 Ng6 (35... Qc5 36. Qe1 {,e1-b4.}
) 36. Rf1 Nf8 37. Rf4 Ng6 {Draw agreed, as white has an exchange up for a pawn,
while black has good blockading knights.} 1/2-1/2